Τα διηγήματα
Αποθηκεύτηκε σε:
| Κύριος συγγραφέας: | |
|---|---|
| Μορφή: | Βιβλίο |
| Γλώσσα: | Greek |
| Δημοσίευση: |
Αθήνα :
Συνέχεια,
1989.
|
| Θέματα: | |
| Ετικέτες: |
Προσθήκη ετικέτας
Δεν υπάρχουν, Καταχωρήστε ετικέτα πρώτοι!
|
MARC
| LEADER | 00000cam a2200000 a 4500 | ||
|---|---|---|---|
| 001 | 1/111896 | ||
| 008 | 160915s1989####gr | ||| |||| ||gre|| | ||
| 040 | |a GR-MyUa |b gre |c GR-MyUa |e AACR2 | ||
| 041 | 0 | |a gre | |
| 082 | 7 | |a 889.32 |2 (23) | |
| 100 | 1 | |a Χατζόπουλος, Κωνσταντίνος, |d 1868-1920. | |
| 245 | 1 | 3 | |a Τα διηγήματα / |c Κωνσταντίνος Χατζόπουλος ; φιλολογική επιμέλεια Έρη Σταυροπούλου. |
| 260 | |a Αθήνα : |b Συνέχεια, |c 1989. | ||
| 300 | |a 351 σ. ; |c 24 εκ. | ||
| 505 | 8 | |a Αντάρτης -- Τάσω - Η Αννιώ -- Στο σκοτάδι -- Ζωή -- Ο πύργος του Αλιβέρη -- Το σπίτι του δασκάλου -- Η αδερφή -- Ο Μπαρμπαντώνης -- Το όνειρο της Κλαίρης. | |
| 650 | 0 | |a Short stories, Greek (Modern) | |
| 852 | |a INST |b LESVOS |e 20160915 |h 889.32 ΧΑΤ |p 005100058302 |q 005100058302 |t BK |y 0 | ||
| 970 | |a Τζαφέρη |b Ευαγγελία |z 15-09-2016 | ||